| 000 | 004660000a22001810004500 | ||
|---|---|---|---|
| 003 | MACL | ||
| 005 | 20160120120841.0 | ||
| 008 | 160120b xxu||||| |||| 00| 0 eng d | ||
| 040 |
_aMACL _cMACL |
||
| 041 | _aEnglish | ||
| 082 | _a342.954/JHA | ||
| 100 |
_aJhabvala, Noshirvan H _933510 |
||
| 245 | _aThe Constitution of India | ||
| 260 |
_bC Jamanadas & Co _c1998 _aMumbai |
||
| 350 | _a150 | ||
| 650 |
_aConstitutional Law _921255 |
||
| 942 |
_cBK _k342.954/JHA _2ddc |
||
| 999 |
_c32337 _d32337 |
||